00823nam a2200265 i 4500001001000000003000900010005001700019007000300036008004100039020001500080040003000095041000800125082003000133100003600163245006000199250002100259264003600280300002800316336002700344337003300371338002800404500007600432650002200508650002700530000039481DO-SdBNP20250205120200.0ta091120s2005 dr 000 f spa d z9993403946 aDO-SdBNPbspacBNPHUerda hspa 4aRD863.44bS787p, 20052221 aStanley, Avelino,d1959-eautor10aPor qué no he de llorar :bnovela /cAvelino Stanley. acuarta edición aSanto Domingo :bCocolo,c2005. a150 páginas ;c22 cm. ardacontentbtexto2txt ardamediabsin mediación2n ardacarrierbvolumen2nc aIncluye datos biográficos del autor en la solapa de la contracubierta 0aNovela dominicana 0aLiteratura dominicana.